00908nas a2200289 i 45000010005000000030009000050050017000140070003000310080041000340220014000750800010000890800007000990800014001062450013001202600075001333000020002083100014002283620024002426500041002666500040003076550029003477100049003768520144004258660015005699420019005849990015006032805ES-MaACL20250811063809.0t|001212c1993 xxkf| | 0 ||pa d a1350-1372 a(410) a80 a821.134.200aDonaire. aLondres : bEmbajada de España, Consejería de Educación, c1993- a2 v. ; c30 cm. aSemestral0 aNº 1 (sept. 1993)-14aLingüística. Filología.91447717aLiteratura española2embne914539 72tgfbne9226866aRevistas1 aEspaña. bEmbajada (Gran Bretaña) 93801 aES-MaACLjHEM-H-57 dOlim: HEM-1906cHEMzExpurgado marzo 2025: posterior 1958, sin encuadernar; muy incompleta 27 localizaciones en Rebiun 0o1993-2000. 2udccPERIODICA c2805d2805